[Event "Antananarivo Elo May"]
[Site "Antananarivo"]
[Date "2022.05.07"]
[Round "3"]
[White "Andrianjafisoa, Fitia Anthoninhio"]
[Black "Andrianomenjanahary, Sedranirina"]
[Result "0-1"]
[WhiteElo "1571"]
[BlackElo "1286"]
[PlyCount "124"]
[EventDate "2022.05.07"]
[EventType "swiss"]
[EventRounds "6"]
[EventCountry "MAD"]
[SourceTitle "EXT 2023"]
[Source "ChessBase"]
[SourceDate "2022.10.05"]
[SourceVersion "1"]
[SourceVersionDate "2022.10.05"]
[SourceQuality "1"]

1. e4 c5 2. Nc3 g6 3. Nf3 Bg7 4. Bc4 e6 5. d3 Ne7 6. Bf4 a6 7. e5 b5 8. Bb3 Bb7 9. 0-0 0-0 10. Re1 Nbc6 11. Ne2 f6 12. Ng3 fxe5 13. Bxe5 Nxe5 14. Nxe5 Nc6 15. Nxd7 Kh8 16. Nxf8 Qxf8 17. c3 Ne5 18. Bxe6 Rd8 19. Re3 Qd6 20. Bb3 c4 21. dxc4 Qc7 22. Qe2 Qc6 23. f4 Ng4 24. cxb5 Qc5 25. Qxg4 Qxe3+ 26. Kh1 Rd2 27. Nf1 Rxg2 28. Nxe3 Rxg4+ 29. Bd5 Bxd5+ 30. Nxd5 axb5 31. Rd1 Bh6 32. h3 Rh4 33. Kg2 Rh5 34. Nc7 Kg8 35. Nd5 Kf7 36. a4 bxa4 37. c4 Bg7 38. Rd2 Ke6 39. Nc7+ Ke7 40. Re2+ Kd7 41. Nd5 Kd6 42. Nb6 Ra5 43. Kf3 Kc5 44. Nd7+ Kxc4 45. Re4+ Kb3 46. Ne5 g5 47. Nc6 Rb5 48. fxg5 Bxb2 49. Re3+ Kc2 50. Re2+ Kd1 51. h4 Rb3+ 52. Re3 Rxe3+ 53. Kxe3 Kc2 54. h5 Bc1+ 55. Kd4 Bxg5 56. Kc4 Bd2 57. Nb4+ Kb1 58. Na6 a3 59. Nc5 a2 60. Nb3 Kb2 61. h6 Bc3 62. Nc1 Kxc1 0-1